000 00755nam a2200277 i 4500
001 000023970
003 DO-SdBNP
005 20260120073951.0
007 ta
008 110117n1991uuuuve a 000 0 spa d
020 _a9803004484
040 _aDO-SdBNP
_bspa
_cBNPHU
_erda
082 _bB575q
_222
100 1 _aBhat, Keshava
_eautor
_949304
245 1 3 _aQué cómo y cuando comer /
_cKeshava Bhat
250 _a3ra. edición
264 _aSanto Domingo :
_bNaturista,
_c1991
300 _a76 paginas. ;
_c23 cm.
336 _2rdacontent
_atexto
_btxt
337 _2rdamedia
_asin mediación
_bn
338 _2rdacarrier
_avolumen
_bnc
590 _aInventariado, 2023 / DG
650 0 _aVida espiritual
_9268
910 _aDG
942 _2ddc
_cLBS1
999 _c55565
_d55565